BSOP header

The Christological controversy / (Record no. 33454)

MARC details
000 -LEADER
fixed length control field 00723nam a2200181 4500
008 - FIXED-LENGTH DATA ELEMENTS--GENERAL INFORMATION
fixed length control field 081021s1980 pau b 000 0 eng
020 ## - INTERNATIONAL STANDARD BOOK NUMBER
International Standard Book Number 0800614119 :gift Elder Henry Co
090 ## - LOCALLY ASSIGNED LC-TYPE CALL NUMBER (OCLC); LOCAL CALL NUMBER (OCLC)
Classification number (OCLC) (R) ; Classification number, CALL (RLIN) (NR) BT198
Local cutter number (OCLC) ; Book number/undivided call number, CALL (RLIN) C46n
-- c.2
245 04 - TITLE STATEMENT
Title The Christological controversy /
Statement of responsibility, etc translated and edited by Richard A. Norris, Jr.
260 ## - PUBLICATION, DISTRIBUTION, ETC. (IMPRINT)
Place of publication, distribution, etc Philadelphia :
Name of publisher, distributor, etc Fortress Press,
Date of publication, distribution, etc c1980.
300 ## - PHYSICAL DESCRIPTION
Extent viii, 162 p. ;
Dimensions 22 cm.
490 1# - SERIES STATEMENT
Series statement Sources of early Christian thought
504 ## - BIBLIOGRAPHY, ETC. NOTE
Bibliography, etc Bibliography: p. 161-162.
600 14 - SUBJECT ADDED ENTRY--PERSONAL NAME
Personal name Jesus Christ
General subdivision History of doctrines
Chronological subdivision Early church, ca. 30-600.
951 ## - EQUIVALENCE OR CROSS-REFERENCE-GEOGRAPHIC NAME/AREA NAME [OBSOLETE] [CAN/MARC only]
General subdivision 00037887
700 1# - ADDED ENTRY--PERSONAL NAME
Personal name Norris, Richard A.
Fuller form of name (Richard Alfred),
Dates associated with a name 1930-2005.
951 ## - EQUIVALENCE OR CROSS-REFERENCE-GEOGRAPHIC NAME/AREA NAME [OBSOLETE] [CAN/MARC only]
-- 33037
-- BT198/C46n/c.2
-- 090630173858156
-- 2000-12-21
-- GC
Holdings
Withdrawn status Lost status Damaged status Not for loan Home library Current library Shelving location Date acquired Accession number Shelving control number Total Checkouts Full call number Barcode Date last seen Price effective from Koha item type
        BSOP Library BSOP Library GC 12/21/2000 33037 127   BT198/C46n/c.2 00037887 02/23/2013 02/23/2013 Books
BSOP

Biblical Seminary of the Philippines
  All rights Reserved
  © 2024

CONTACT INFORMATION

Biblical Seminary of the Philippines,
  77-B Karuhatan Road, Valenzuela City,
  PHILIPPINES 1441
  Phone: +632 8292-6795 / 8292-6798
  Fax : +632 8292-6675
  Email: library@bsop.edu.ph